000 00349nam a2200157Ia 4500
008 220531s9999 xx 000 0 und d
041 _aeng
245 _aGlass Menagerie
250 _a1ST
260 _bRama
_c1999
300 _a92
542 _d10-07-2000
650 _aEnglish
_942146
906 _d2000-2001
_f7527
999 _c25158
_d25158